[Event "Chinese-Russian Summit 2018"]
[Site "Qinhuangdao"]
[Date "2018.05.29"]
[Round "3"]
[White "Goryachkina, Aleksandra"]
[Black "Ni, Shiqun"]
[Result "1/2-1/2"]
[WhiteElo "2496"]
[BlackElo "2444"]
[Annotator "TA"]
[PlyCount "96"]
[EventDate "2018.??.??"]
[EventCountry "CHN"]
[SourceTitle "playchess.com"]
[Source "ChessBase"]
[SourceQuality "1"]

{[%evp 14,96,14,14,21,20,28,10,16,11,6,16,32,31,34,32,39,41,54,42,62,60,54,57,77,77,66,64,79,77,79,89,85,82,87,76,77,66,71,41,31,29,30,43,50,37,56,22,41,25,118,93,129,126,109,93,182,164,166,104,136,111,217,197,194,134,212,131,212,220,220,220,283,257,257,257,257,8,7,0,264,0,13,0,264]} 1. e4 e5 2. Nf3 Nf6 3. Nc3 Bb4 4. Nxe5 O-O 5. Be2 Re8 6. Nd3 Bxc3 7. dxc3 Nxe4 8. O-O d6 {C42: Petroff Defence: 3 Nxe5 and unusual White 3rd moves} 9. Re1 Nc6 (9... Nd7 10. Bf3 Nec5 11. Be3 Nxd3 12. cxd3 Ne5 13. Be2 Qh4 14. Qb3 b6 15. Qd5 Bd7 16. Qd4 Qxd4 17. Bxd4 {½-½ (34) Mamedov,R (2709)-Bu,X (2730) Riadh 2017}) 10. f3 Ng5 11. Bf1 $146 {And now Bxg5 would win.} ({Predecessor:} 11. Nf2 Bf5 12. Bd3 Rxe1+ 13. Qxe1 Qf6 14. Ng4 Bxg4 15. fxg4 Ne5 16. Qf2 Qxf2+ 17. Kxf2 {0-1 (45) Cottarelli,F (2106)-Macchiagodena,M (2368) ICCF email 2008}) 11... Rxe1 12. Qxe1 {Hoping for Bxg5.} Ne6 13. Nb4 Bd7 14. Nd5 Ne7 15. c4 {[%cal Bc3c4,Bc4d5][%mdl 32]} Nxd5 16. cxd5 Nc5 17. Be3 {[%cal Bc1e3,Be3f2,Bf2d4][%mdl 32]} Qf6 18. c3 Qe5 {[#]} 19. Qd2 $1 Re8 20. Re1 b6 21. Bf2 Qf6 22. b4 Na4 23. Bd4 Qd8 24. Rxe8+ Bxe8 25. Bd3 Qe7 26. g4 b5 27. g5 $40 {[%mdl 128] White has some attack.} Nb6 28. Be4 a6 29. h4 Nd7 30. Qc2 (30. Qe3 $5 {[%cal Re4h7]} g6 31. Kg2 $16) 30... g6 31. Qd2 f5 (31... Ne5 $11) 32. gxf6 $1 $16 Nxf6 33. Qg5 Kf7 34. Qf4 Kg7 (34... Bd7 $16) 35. Kf1 $18 Bd7 36. Kf2 (36. Ke2 $18) 36... Bc8 37. Ke2 Bf5 (37... Kf7 $16 {was necessary.}) 38. Kd2 Bd7 39. Kd1 (39. Kc1 $18) 39... Bc8 (39... Kf7 $16 40. Bc2 Kg7) 40. a3 Bd7 {[#]} (40... h6 $16 41. Kd2 Bd7) 41. h5 $1 {[%mdl 512]} gxh5 42. Bc2 h6 43. Kd2 Bc8 44. Bd3 Bd7 45. Qg3+ $2 (45. Kc2 $18) 45... Kf8 $11 46. Qf4 $1 {[%csl LRf6,LRh6][%mdl 8192]} (46. Qg6 $11 Ng8 47. Qxh5) 46... Kg7 $18 47. Qg3+ $2 (47. Kc2 $18) 47... Kf8 $11 48. Qf4 $2 {[%mdl 8192]} (48. Qg6 $11 Ng8 49. Qxh5) 48... Kg7 {[%mdl 32768] Precision: White = 51%, Black = 37%. . An unexpected result.} 1/2-1/2

[Event "Chinese-Russian Summit 2018"]
[Site "Qinhuangdao"]
[Date "2018.05.29"]
[Round "3"]
[White "Shen, Yang"]
[Black "Girya, Olga"]
[Result "*"]
[WhiteElo "2468"]
[BlackElo "2465"]
[Annotator "TA"]
[PlyCount "38"]
[EventDate "2018.??.??"]
[EventCountry "CHN"]
[SourceTitle "playchess.com"]
[Source "ChessBase"]
[SourceQuality "1"]

{[%evp 15,38,-16,-11,-39,-42,-34,-40,-49,-6,-89,-27,-399,297,-243,-242,-509,132,-466,138,-40,136,0,229,-32,188]} 1. d4 Nf6 2. Nf3 d5 3. c4 e6 4. Nc3 Bb4 5. cxd5 exd5 6. Bf4 {D38: Damengambit (Ragosin-Verteidigung)} Ne4 7. Rc1 (7. Qa4+ Nc6 8. Rc1 O-O 9. g3 g5 10. Be3 f5 11. Bg2 f4 12. gxf4 Bxc3+ 13. bxc3 gxf4 {0-1 (21) Svidler,P (2768)-Mamedyarov,S (2804) Wijk aan Zee 2018}) 7... Nc6 8. g3 Bf5 {LiveBook: 3 Partien} 9. Bg2 Nxc3 10. bxc3 Ba3 11. Rb1 Rb8 $146 ({Vorgänger:} 11... Bxb1 12. Qxb1 Na5 13. O-O c6 14. e4 O-O 15. exd5 cxd5 16. Ng5 g6 17. Re1 Bd6 18. Be3 Nc4 {0-1 (18) Korley,K (2397)-Naroditsky,D (2634) Atlanta 2016}) 12. Qb3 (12. Rb3 $11 {bleibt in der Remisbreite.} Be7 13. Ne5) 12... Bd6 ({Besser ist} 12... Bxb1 $17 13. Qxb1 Bd6) 13. Qxd5 $2 {[%mdl 8192] [#]} (13. Bxd6 $11 {und Weiss steht sicher.} Bxb1 14. Be5 Nxe5 15. Nxe5) 13... Bxf4 $4 {[%mdl 8192]} (13... Bxb1 $19 14. O-O Bg6 15. Bxd6 Qxd6) 14. Qxd8+ $4 {[%mdl 8192]} (14. Qxf5 $18 {war der einzige Gewinnzug.} Bh6 15. Qe4+ Kf8 16. O-O) 14... Nxd8 $19 15. gxf4 $2 (15. Rb2 Bd6 16. Nd2) 15... Ne6 $2 ({Lieber} 15... Bxb1 $19 16. a3 Be4) 16. e3 $2 {[%mdl 8192]} (16. Rb5 $16 {ist erzwungen, um die Oberhand zu behalten.} g6 17. e3) 16... g6 $2 {[#]} (16... Bxb1 $19 17. O-O Be4) 17. Kd2 $2 (17. Rb3 $16) 17... Ke7 $2 (17... Bxb1 $15 18. Rxb1 Ke7) 18. Ne5 (18. Rb5 $16) 18... c5 $2 (18... Bxb1 $11 {und Schwarz muss sich keine Sorgen machen.} 19. Rxb1 f6) 19. Nc4 $2 (19. Rxb7+ $18 Rxb7 20. Bxb7) 19... f6 $2 {Precision: Weiß =  1%, Schwarz =  7%.} (19... Bxb1 $15 {behält die Oberhand.} 20. Rxb1 cxd4 21. cxd4 Rhc8) *

[Event "Chinese-Russian Summit 2018"]
[Site "Qinhuangdao"]
[Date "2018.05.29"]
[Round "3"]
[White "Xiao, Yiyi"]
[Black "Shuvalova, Polina"]
[Result "0-1"]
[WhiteElo "2345"]
[BlackElo "2416"]
[Annotator "TA"]
[PlyCount "34"]
[EventDate "2018.??.??"]
[EventCountry "CHN"]
[SourceTitle "playchess.com"]
[Source "ChessBase"]
[SourceQuality "1"]

{[%evp 22,34,0,0,-12,-36,0,-35,-17,-3,0,-14,-16,0,0]} 1. d4 Nf6 2. c4 e6 3. g3 d5 4. Bg2 Bb4+ 5. Nd2 O-O 6. Ngf3 dxc4 7. O-O b5 {E04: Open Catalan: 5 Nf3} 8. a4 c6 9. axb5 (9. Ne1 Nd5 10. e4 Nb6 11. a5 N6d7 12. e5 Bb7 13. Ne4 Na6 14. Bg5 {½-½ (44) Wang,H (2709)-Ding,L (2777) Huaian 2017}) 9... cxb5 10. Ng5 Nd5 11. e4 Nc7 12. Nxh7 $1 {LiveBook: 3 Games} ({Much worse is} 12. Qh5 h6 $17) 12... Kxh7 13. e5 {[#]} Kg8 $146 ({Predecessor:} 13... Rh8 14. Bxa8 Nxa8 15. Rxa7 {½-½ (26) Woellermann,J (2384)-Lubbe,N (2515) Douglas 2017}) 14. Bxa8 {[#] Hoping for Be4.} Nxa8 15. Ne4 $1 {The position is equal.} Be7 {...Bb7 is the strong threat.} 16. Rxa7 Nc7 $1 {Strongly threatening ...Nc6.} 17. Qg4 {aiming for Bg5.} Nc6 {[%mdl 32768] Loss on Time!?} 0-1

[Event "Chinese-Russian Summit 2018"]
[Site "Qinhuangdao"]
[Date "2018.05.29"]
[Round "3"]
[White "Zhai, Mo"]
[Black "Pogonina, Natalija"]
[Result "*"]
[WhiteElo "2304"]
[BlackElo "2457"]
[Annotator "TA"]
[PlyCount "40"]
[EventDate "2018.??.??"]
[EventCountry "CHN"]
[SourceTitle "playchess.com"]
[Source "ChessBase"]
[SourceQuality "1"]

{[%evp 22,40,30,-18,-12,-17,-12,-8,-8,0,0,0,-16,-14,-16,-16,-16,-26,-15,-217,-37]} 1. d4 d5 2. c4 e6 3. Nc3 Nf6 4. Nf3 Nbd7 5. cxd5 exd5 6. Bg5 Be7 7. e3 c6 8. Bd3 O-O 9. Qc2 Re8 10. O-O Nf8 11. Rab1 Ng6 12. Ne5 {LiveBook: 3 Games. D36: Queen's Gambit Declined: Exchange Variation: Main line (5 Bg5 c6 6 Qc2)} (12. h3 Bd6 13. Nh4 Nf8 14. Nf3 h6 15. Bf4 Bxf4 16. exf4 Ne6 17. Qd2 Ne4 18. Nxe4 dxe4 19. Bxe4 Nxd4 20. Nxd4 Rxe4 {0-1 (57) Ruck,R (2574)-Fressinet,L (2673) Mainz 2008}) 12... Nxe5 13. dxe5 Ng4 $1 14. Bf4 $146 {The position is equal.} ({Predecessor:} 14. Bxh7+ Kh8 15. Bf4 g6 16. Bxg6 fxg6 17. f3 Nxe3 18. Qxg6 Nf5 19. Rfe1 Bc5+ 20. Kh1 Be6 21. g4 Ng7 22. Bg5 Re7 23. Bf6 Qg8 24. h4 Qf7 25. Qh6+ Kg8 26. Ne2 {1-0 (26) Kretschmar,H-Kovacs,F ICCF corr 1973}) 14... Bh4 15. Bxh7+ Kh8 {Black wants to play ...Bxf2+.} 16. Bf5 Nxe5 17. Rbd1 Bf6 18. Bg3 Bxf5 19. Qxf5 Nc4 20. Rd3 $2 {[#]} (20. b3 $11 Nd2 21. Rxd2 Bxc3 22. Rc2) 20... Kg8 $2 ({Black should try} 20... Nxb2 $19 21. Nxd5 Nxd3 22. Nxf6 Qxf6 23. Qxd3 c5) *

[Event "Chinese-Russian Summit 2018"]
[Site "Qinhuangdao"]
[Date "2018.05.31"]
[Round "4"]
[White "Li, Chao b"]
[Black "Sarana, Alexey"]
[Result "1/2-1/2"]
[WhiteElo "2724"]
[BlackElo "2587"]
[Annotator "TA"]
[PlyCount "115"]
[EventDate "2018.??.??"]
[EventCountry "CHN"]
[SourceTitle "playchess.com"]
[Source "ChessBase"]
[SourceQuality "1"]

{[%evp 9,115,5,12,0,0,15,89,72,87,78,64,82,72,23,21,29,26,11,10,14,18,12,12,7,23,16,24,31,40,45,55,23,56,33,49,41,37,32,41,14,15,39,41,29,38,6,11,9,11,0,12,10,10,6,22,14,0,0,0,0,19,8,66,0,24,30,33,41,79,45,41,45,47,35,54,54,61,61,61,0,0,0,92,95,98,61,676,655,625,186,299,191,744,720,699,310,310,306,2062,1148,1295,720,1827,558,535,238,898,0]} 1. e4 c5 2. Nc3 d6 3. d4 cxd4 4. Qxd4 Nc6 5. Qd2 g6 (5... Nf6 6. b3 e6 7. Bb2 a6 8. O-O-O b5 9. f3 h5 10. Nh3 Be7 11. Ng5 {1-0 (31) Carlsen,M (2843)-Wojtaszek,R (2744) Shamkir 2018}) 6. b3 {B23: Closed Sicilian: Lines without g3} Bh6 7. f4 e5 $146 {[#]} (7... Nf6 $11 {remains equal.}) ({Predecessor:} 7... Nf6 8. Bb2 e5 9. g3 Nd4 10. Bg2 O-O 11. Nge2 {0-1 (38) Quesada Perez,Y (2558)-Albornoz Cabrera,C (2507) Havana 2018}) 8. Nb5 $1 $16 {White is better.} Bxf4 9. Qxd6 Qxd6 ({Wrong is} 9... Qh4+ $2 10. g3 $18) 10. Nxd6+ Kf8 11. Bc4 Bxc1 $1 12. Rxc1 Nh6 $1 13. Ne2 Ke7 14. Nxc8+ Raxc8 15. Nc3 Rhd8 16. Nd5+ Kf8 17. c3 Rd6 18. O-O Kg7 19. Ne3 f6 20. Bd5 Ng8 21. b4 Nge7 22. Nc4 Rdd8 23. Be6 Rc7 $1 24. b5 Rf8 {Threatens to win with ...Nd8.} 25. Nd6 Nd8 26. Bb3 b6 27. g4 (27. Rcd1 {keeps more tension.} f5 28. exf5 Nxf5 29. Ne4 Nb7 30. Rfe1) 27... Nc8 28. Nxc8 Rxc8 29. Bd5 Rc7 30. c4 Nb7 31. Rc3 Nc5 32. Rcf3 Re7 33. h4 Ne6 34. a4 {[%cal Ba2a4,Ba4a5][%mdl 32]} Nd4 35. R3f2 Rd7 (35... f5 $11) 36. h5 ({White should play} 36. g5 $14) 36... Rd6 {[#]} 37. a5 $1 {[%mdl 512]} Kh6 ({Reject} 37... bxa5 38. Ra1 $16) 38. Rh2 Ne6 39. hxg6+ Kxg6 40. Kf2 h6 41. Ke3 Rh8 42. Rd1 Rd7 43. Rhd2 $36 {[%mdl 2048] White has some pressure.} Nc5 44. Bc6 (44. a6 $14) 44... Rxd2 $11 45. Rxd2 {[%mdl 4096] Endgame KRB-KRN} Kf7 (45... Nb3 $11 46. Rd7 Nxa5) 46. a6 $16 Kg6 47. Rd5 Na4 $2 {[%mdl 8192]} (47... Rb8 $14) 48. Rd7 $18 Rh7 49. Rd8 $2 (49. Rb7 {And now Be8+ would win.} h5 50. Bd7) 49... Nb2 (49... Nc5 $142 50. Bb7 h5) 50. Bd5 Rc7 $2 (50... Na4 51. Ra8 Kg5) 51. Rg8+ Kh7 52. Ra8 (52. Rb8 $142) 52... Kg6 {[#]} 53. c5 $1 {[%mdl 512]} Rg7 $2 (53... Rxc5 54. Rxa7 Nd1+ 55. Kd2 Nc3) (53... bxc5 54. b6) 54. Rc8 Nd1+ 55. Kd3 Nc3 56. Rd8 (56. Kxc3 $142 {cxb6 is the strong threat.} bxc5 57. b6 axb6 58. Rg8 Rxg8 59. Bxg8) 56... Nxb5 57. Bc4 (57. Kc4 $142) 57... Kg5 $2 (57... Nc7 58. cxb6 Nxa6) 58. Rd5 $2 {Precision: White = 47%, Black = 41%.} (58. cxb6 $18 axb6 59. Bxb5) 1/2-1/2

[Event "Chinese-Russian Summit 2018"]
[Site "Qinhuangdao"]
[Date "2018.05.31"]
[Round "4"]
[White "Sjugirov, Sanan"]
[Black "Bai, Jinshi"]
[Result "1-0"]
[WhiteElo "2663"]
[BlackElo "2579"]
[Annotator "TA"]
[PlyCount "35"]
[EventDate "2018.??.??"]
[EventCountry "CHN"]
[SourceTitle "playchess.com"]
[Source "ChessBase"]
[SourceQuality "1"]

{[%evp 17,18,12,39]} 1. e4 c6 2. d4 d5 3. Nc3 dxe4 4. Nxe4 Nf6 5. Nxf6+ exf6 6. c3 Bd6 7. Bd3 O-O 8. Ne2 Re8 9. Qc2 {B15: Caro-Kann: 3 Nc3: 3...g6 and 3...dxe4 4 Nxe4 Nf6 5 Nxf6+ exf6} h5 {LiveBook: 31 Games} (9... f5 $5) 10. O-O $146 ({Predecessor:} 10. Be3 Nd7 11. O-O-O Nf8 12. Kb1 Be6 13. c4 Rc8 14. h3 h4 15. Rdg1 b5 16. c5 {½-½ (45) Saric,I (2669)-Howell,D (2676) Riadh 2017}) 10... h4 11. h3 Nd7 12. Bd2 Nf8 13. Rae1 Bc7 14. b3 g6 15. Kh1 Qd6 16. Bf4 Rxe2 17. Bxd6 Rxc2 18. Bxc7 {1-0 (28) Sjugirov,S (2663)-Bai,J (2579) Qinhuangdao 2018} 1-0

[Event "Chinese-Russian Summit 2018"]
[Site "Qinhuangdao"]
[Date "2018.05.31"]
[Round "4"]
[White "Alekseenko, Kirill"]
[Black "Lu, Shanglei"]
[Result "1/2-1/2"]
[WhiteElo "2625"]
[BlackElo "2643"]
[Annotator "TA"]
[PlyCount "49"]
[EventDate "2018.??.??"]
[EventCountry "CHN"]
[SourceTitle "playchess.com"]
[Source "ChessBase"]
[SourceQuality "1"]

{[%evp 15,49,14,20,18,29,7,6,5,0,7,16,14,17,15,17,14,19,15,6,16,33,34,31,28,31,17,25,0,0,2,17,17,17,17,24,11]} 1. e4 c5 2. Nf3 d6 3. d4 cxd4 4. Nxd4 Nf6 5. Nc3 a6 6. Be3 Ng4 7. Bg5 h6 8. Bc1 {B90: Sizilianisch (Najdorf-Variante, Abweichungen)} Nf6 {LiveBook: 38 Partien} 9. Qf3 $146 ({Vorgänger:} 9. Bd3 e5 10. Nde2 Be7 11. O-O O-O 12. Ng3 Nbd7 13. a4 Nc5 14. Be2 Be6 15. Bf3 Rc8 {½-½ (66) Grischuk,A (2750)-Vachier Lagrave,M (2795) Moscow 2017}) 9... Bg4 10. Qd3 e5 11. Nb3 Be7 12. Qg3 g6 13. Nd5 {[#] Sxf6+ ist eine echte Drohung.} Be6 14. Nxe7 Qxe7 15. Bd3 Nc6 16. Bd2 Nh5 17. Qf3 Qf6 18. Qxf6 Nxf6 19. f3 Nd7 20. Kf2 Ke7 21. h4 h5 22. Na5 Nc5 23. Nxc6+ bxc6 24. Be2 a5 25. Rhd1 {Precision: Weiß = 69%, Schwarz = 57%.} 1/2-1/2

[Event "Chinese-Russian Summit 2018"]
[Site "Qinhuangdao"]
[Date "2018.05.31"]
[Round "4"]
[White "Zhou, Jianchao"]
[Black "Esipenko, Andrey"]
[Result "1-0"]
[WhiteElo "2624"]
[BlackElo "2587"]
[Annotator "TA"]
[PlyCount "51"]
[EventDate "2018.??.??"]
[EventCountry "CHN"]
[SourceTitle "playchess.com"]
[Source "ChessBase"]
[SourceQuality "1"]

{[%evp 19,51,18,22,21,9,0,12,0,0,0,0,0,0,0,0,0,4,-32,0,-14,-10,-17,-37,-41,0,0,0,0,0,0,0,0,0,0]} 1. Nf3 Nf6 2. b3 d5 3. Bb2 e6 4. c4 Be7 5. g3 O-O 6. Bg2 b6 7. cxd5 Nxd5 {[%cal Bf6d5,Bd5b4,Bb4c2][%mdl 32]} 8. O-O Bb7 9. d4 Nd7 10. Nbd2 {A14: English Opening: 1...e6 with b3 by White} (10. Re1 c5 11. e4 N5f6 12. Nc3 cxd4 13. Nxd4 Ne5 14. Qe2 Bc5 15. Red1 Qe7 16. Na4 Bxd4 17. Bxd4 Nc6 18. Be3 Rfd8 19. Nc3 Qb4 20. Qb2 {1-0 (45) So,W (2822)-Onischuk,A (2667) Saint Louis 2017}) 10... c5 {LiveBook: 41 Games} 11. e4 Nb4 12. Qe2 Rc8 13. Rfd1 $146 ({Predecessor:} 13. Nc4 b5 14. a3 bxc4 15. axb4 cxb4 16. bxc4 {½-½ (33) Laube,B (2372)-Glinz,G (2392) GER email 2014}) 13... Nc2 14. Rac1 Nxd4 15. Nxd4 cxd4 16. Bxd4 Rxc1 17. Rxc1 Nc5 18. Be3 Qd7 19. f3 Rd8 20. Nc4 Nd3 21. Rc2 b5 22. Na5 {The position is equal.} Ba8 {[#] Threatens to win with ...Bb4.} 23. Bf1 $1 Ne5 {aiming for ...Bb4.} 24. f4 Bxe4 25. fxe5 {Black must now prevent Rd2.} Bb4 26. Bc5 $1 {[%mdl 32768] Precision: White = 67%, Black = 80%. . Loss on Time!?} 1-0

[Event "Chinese-Russian Summit 2018"]
[Site "Qinhuangdao"]
[Date "2018.05.31"]
[Round "4"]
[White "Zhou, Jianchao"]
[Black "Esipenko, Andrey"]
[Result "*"]
[WhiteElo "2624"]
[BlackElo "2587"]
[Annotator "TA"]
[PlyCount "11"]
[EventDate "2018.??.??"]
[EventCountry "CHN"]
[SourceTitle "playchess.com"]
[Source "ChessBase"]
[SourceQuality "1"]

{[%evp 9,11,12,4,-29]} 1. Nf3 Nf6 2. b3 d5 3. Bb2 e6 4. c4 Be7 5. g3 O-O 6. Bh3 $146 {A13: English Opening: 1...e6} ({Predecessor:} 6. Bg2 c5 7. cxd5 Nxd5 8. O-O Nc6 9. d4 cxd4 10. Nxd4 Bf6 11. Na3 Bd7 12. Nc4 Nxd4 13. Bxd4 Bc6 14. Ne5 Rc8 15. Rc1 Bxe5 16. Bxe5 Qa5 17. Ba1 Qxa2 18. e4 Ne7 19. Qg4 e5 20. Bxe5 Ng6 21. Bd6 {½-½ (37) Grischuk,A (2761)-Karjakin,S (2781) Paris 2017}) *

[Event "Chinese-Russian Summit 2018"]
[Site "Qinhuangdao"]
[Date "2018.05.31"]
[Round "4"]
[White "Wen, Yang"]
[Black "Matlakov, Maxim"]
[Result "1/2-1/2"]
[WhiteElo "2581"]
[BlackElo "2704"]
[Annotator "TA"]
[PlyCount "44"]
[EventDate "2018.??.??"]
[EventCountry "CHN"]
[SourceTitle "playchess.com"]
[Source "ChessBase"]
[SourceQuality "1"]

{[%evp 12,44,18,12,12,14,14,11,18,18,19,24,18,10,18,11,14,0,140,0,0,0,0,0,0,0,43,17,8,6,6,0,0,0,381]} 1. e4 e5 2. Nf3 Nc6 3. Bb5 a6 4. Ba4 Nf6 5. d3 b5 6. Bb3 Bc5 7. Nc3 d6 {C77: Ruy Lopez: 3...a6 4 Ba4 Nf6, unusual lines} 8. Nd5 h6 9. c3 Rb8 10. O-O O-O 11. d4 Ba7 12. Be3 Nxd5 13. Bxd5 Ne7 14. dxe5 Nxd5 (14... Bxe3 $11 15. fxe3 Nxd5 16. exd5 dxe5) 15. exd5 (15. Bxa7 $16 Rb7 16. Qxd5 (16. exd5 Rxa7 17. Re1 Bb7 $16) 16... Rxa7 17. exd6) 15... Bxe3 $11 16. fxe3 dxe5 17. Nxe5 {[#] aiming for Nc6.} Bb7 $146 18. Qd4 Bxd5 19. Rad1 {Threatens to win with Qc5.} Be6 {The position is equal.} 20. Nc6 Qxd4 21. exd4 Rb6 22. d5 Re8 $2 {[%mdl 40960] Precision: White = 81%, Black = 71%. . An unexpected result.} (22... Bd7 $11 {and Black has nothing to worry.}) 1/2-1/2

[Event "Chinese-Russian Summit 2018"]
[Site "Qinhuangdao"]
[Date "2018.05.31"]
[Round "4"]
[White "Gunina, Valentina"]
[Black "Xiao, Yiyi"]
[Result "1-0"]
[WhiteElo "2526"]
[BlackElo "2345"]
[Annotator "TA"]
[PlyCount "41"]
[EventDate "2018.??.??"]
[EventCountry "CHN"]
[SourceTitle "playchess.com"]
[Source "ChessBase"]
[SourceQuality "1"]

{[%evp 18,41,17,20,33,14,22,17,35,20,40,46,32,35,56,51,50,42,50,39,40,34,69,63,106,61]} 1. e4 e5 2. Nf3 Nc6 3. Bc4 Bc5 4. O-O Nf6 5. d3 a6 (5... d6 6. c3 O-O 7. a4 a6 8. Re1 Ba7 9. h3 Ne7 10. Nbd2 Ng6 11. Nf1 Be6 12. Bxe6 fxe6 13. Ng3 h6 14. d4 Nd7 15. Be3 Qe7 16. a5 Kh7 17. Nd2 Rf7 18. Nc4 {½-½ (57) Caruana,F (2822)-Nakamura,H (2769) Stavanger 2018}) 6. a4 {C50: Hungarian Defence and Giuoco Pianissimo} d6 7. c3 Ba7 8. h3 h6 9. Nbd2 O-O 10. Re1 {LiveBook: 108 Games} Ne7 11. Bb3 Ng6 12. Nf1 Nh5 13. d4 Qf6 14. Be3 Nhf4 $146 ({Predecessor:} 14... Ngf4) 15. Ng3 a5 16. Bc2 Nh4 17. Nxh4 Qxh4 18. Qf3 g6 19. Rad1 h5 20. Ne2 {[%cal Re2f4]} Nxe2+ 21. Rxe2 {Precision: White = 88%, Black = 53%.} 1-0